System overhaul (Record no. 69598)

MARC details
000 -LEADER
fixed length control field 01060cam a2200217 4500
001 - CONTROL NUMBER
control field ABS65202
008 - FIXED-LENGTH DATA ELEMENTS--GENERAL INFORMATION
fixed length control field 020226n2002 000 0 eng u
035 ## - SYSTEM CONTROL NUMBER
System control number (Sirsi) u116856
100 ## - MAIN ENTRY--PERSONAL NAME
Personal name Sherwill, R.
245 ## - TITLE STATEMENT
Title System overhaul
260 ## - PUBLICATION, DISTRIBUTION, ETC.
Date of publication, distribution, etc. 2002
490 ## - SERIES STATEMENT
Series statement Estates Gazette
Volume/sequential designation (0203) 19 January 2002, 116-117(2)
520 ## - SUMMARY, ETC.
Summary, etc. Assesses the progress of government overhaul of the rating appeal process, proposed in 1999. It involved a system of forward programming, a more structured approach to appeals and greater openness. The former appeal system was slow, over-complicated and inefficient, but new proposals set out to speed up the process by prioritising appeals by grouping them by property type and locality. It also aims to inform ratepayers in advance when it will consider an appeal. Target dates have also been introduced to speed up decisions.
590 ## - LOCAL NOTE (RLIN)
Local note ABS
650 ## - SUBJECT ADDED ENTRY--TOPICAL TERM
Topical term or geographic name entry element VALUATION TRIBUNALS
650 ## - SUBJECT ADDED ENTRY--TOPICAL TERM
Topical term or geographic name entry element VALUATION OFFICE
650 ## - SUBJECT ADDED ENTRY--TOPICAL TERM
Topical term or geographic name entry element RATING APPEALS
650 ## - SUBJECT ADDED ENTRY--TOPICAL TERM
Topical term or geographic name entry element APPEALS
690 ## - LOCAL SUBJECT ADDED ENTRY--TOPICAL TERM (OCLC, RLIN)
Topical term or geographic name as entry element RATING AND LOCAL TAXATION
942 ## - ADDED ENTRY ELEMENTS (KOHA)
Suppress in OPAC 0
Holdings
Withdrawn status Lost status Source of classification or shelving scheme Damaged status Not for loan Home library Current library Shelving location Date acquired Total Checkouts Full call number Barcode Date last seen Copy number Price effective from Koha item type
    Dewey Decimal Classification     London London Journal article 26/02/2002   ABS65202 116856-1001 06/08/2019 1 06/08/2019 Journal article